La iglesia española y el papado en el S. XIII / (Record n. 12476)
[ formato base ]
| 000 -LEADER | |
|---|---|
| fixed length control field | 01277nam a2200325 i 4500 |
| 003 - CONTROL NUMBER IDENTIFIER | |
| control field | IT-RoINE |
| 005 - DATE AND TIME OF LATEST TRANSACTION | |
| control field | 20170601105424.0 |
| 008 - FIXED-LENGTH DATA ELEMENTS--GENERAL INFORMATION | |
| fixed length control field | 920725s1975 sp r 1 | spa d |
| 020 ## - INTERNATIONAL STANDARD BOOK NUMBER | |
| International Standard Book Number | 8472990362 |
| 040 ## - CATALOGING SOURCE | |
| Original cataloging agency | SpMaBN |
| Language of cataloging | spa |
| Transcribing agency | A2 |
| Modifying agency | IT-RoINE |
| 041 1# - LANGUAGE CODE | |
| Language code of text/sound track or separate title | spa |
| Language code of original and/or intermediate translations of text | eng |
| 100 1# - MAIN ENTRY--PERSONAL NAME | |
| Personal name | Linehan, Peter, |
| 9 (RLIN) | 7045 |
| Dates associated with a name | 1943- |
| 240 04 - UNIFORM TITLE | |
| Uniform title | The Spanish church and the Papacy in the thirteenth century. |
| Language of a work | Español |
| 245 13 - TITLE STATEMENT | |
| Title | La iglesia española y el papado en el S. XIII / |
| Statement of responsibility, etc | Peter Linehan ; [traducción de Pedro Borges Morán] |
| 260 ## - PUBLICATION, DISTRIBUTION, ETC. (IMPRINT) | |
| Place of publication, distribution, etc | Salamanca : |
| Name of publisher, distributor, etc | Universidad Pontificia, |
| Date of publication, distribution, etc | 1975. |
| 300 ## - PHYSICAL DESCRIPTION | |
| Extent | LXI, 319 p. ; |
| Dimensions | 24 cm. |
| 336 ## - CONTENT TYPE | |
| Source | rdacontent |
| Content type term | text |
| 337 ## - MEDIA TYPE | |
| Source | rdamedia |
| Media type term | unmediated |
| 338 ## - CARRIER TYPE | |
| Source | rdacarrier |
| Carrier type term | volume |
| 490 1# - SERIES STATEMENT | |
| Series statement | Bibliotheca Salmanticensis ; |
| Volume number/sequential designation | 5 |
| 490 1# - SERIES STATEMENT | |
| Series statement | Bibliotheca Salmanticensis. |
| -- | Estudios ; |
| Volume number/sequential designation | 4 |
| 500 ## - GENERAL NOTE | |
| General note | Traducción de: The Spanish church and the Papacy in the thirteenth century. |
| 500 ## - GENERAL NOTE | |
| General note | Inclye índices. |
| 504 ## - BIBLIOGRAPHY, ETC. NOTE | |
| Bibliography, etc | Incluye referencias bibliográficas en nota. |
| 651 #4 - SUBJECT ADDED ENTRY--GEOGRAPHIC NAME | |
| 9 (RLIN) | 2489 |
| Geographic name | España |
| General subdivision | Historia eclesiástica |
| Chronological subdivision | 711-1492 (Época musulmana) |
| 700 1# - ADDED ENTRY--PERSONAL NAME | |
| 9 (RLIN) | 15931 |
| Personal name | Borges Morán, Pedro, |
| Dates associated with a name | 1929- |
| 830 #0 - SERIES ADDED ENTRY--UNIFORM TITLE | |
| 9 (RLIN) | 25315 |
| Uniform title | Bibliotheca Salmanticensis ; |
| Volume number/sequential designation | 5 |
| 830 #0 - SERIES ADDED ENTRY--UNIFORM TITLE | |
| 9 (RLIN) | 3087 |
| Uniform title | Bibliotheca Salmanticensis. |
| Name of part/section of a work | Estudios ; |
| Volume number/sequential designation | 4 |
| 942 ## - ADDED ENTRY ELEMENTS (KOHA) | |
| Item type | Monografías |
| Withdrawn status | Lost status | Damaged status | Not for loan | Home library | Current library | Date acquired | Total Checkouts | Full call number | Barcode | Date last seen | Price effective from | Koha item type |
|---|---|---|---|---|---|---|---|---|---|---|---|---|
| Iglesia Nacional Española en Roma | Iglesia Nacional Española en Roma | 19/07/2016 | COL.A 40.4 | 28458 | 19/07/2016 | 19/07/2016 | Monografías |